| 000 | 01587cam a22002174a 4500 | ||
|---|---|---|---|
| 005 | 20260120114424.0 | ||
| 008 | 250528s ||||||||||||||||||||||||d | ||
| 035 | _a24905 | ||
| 020 | _a9789603255130 | ||
| 040 |
_aGR-AtMCL _bgre _dGR-AtMCL _eAACR2 |
||
| 245 | 1 | _aΟ Δήμιος του Έρωτα και Άλλες Ιστορίες Ψυχοθεραπείας | |
| 260 |
_bΆγρα, _c2018 |
||
| 300 | _a400 | ||
| 520 | _aΣ'αυτή τη σπάνια περιγραφή του αφοσιωμένου θεραπευτή την ώρα της δουλειάς του, ένας δάσκαλος της ψυχιατρικής έρχεται ανοιχτά αντιμέτωπος όχι μόνο με τα Δικά του συναισθήματα και Σφάλματα αλλά και με την Αβεβαιότητα που υπάρχει στην καρδιά της θεραπευτικής σχέσης. Ευχαριστίες, Πρόλογος, Ο Δήμιος του Έρωτα, Αν Ήταν Νόμιμος ο Βιασμός, Η Χοντρή Κυρία, Λάθος Παιδί Πέθανε, Ποτέ δεν Φανταζόμουν Πώς θα Συμβεί σε Μένα, Όχι με το Μαλακό, Δύο Χαμόγελα, Τρία Κλειστά Γράμματα, Ψυχοθεραπευτική Μονογαμία, Αναζητώντας τον Ονειρευτή. | ||
| 700 | 1 |
_aYalom, Irvin D. _94139 |
|
| 700 | 1 |
_aΑνδριτσάνου Ευαγγελία _99659 |
|
| 700 | 1 |
_aΖερβάς Γιάννης _94131 |
|
| 942 | _cBK | ||
| 999 |
_c9740 _d9740 |
||